000 00281nam a22001337a 4500
003 SGT
082 _a618.1
_bA15N
100 _aNATHA,RADHAKRSNA
245 _aABHINAVA KAUMARABHRTYA
260 _aDELHI
_bVARANSI PUB
_c2015
300 _a355
650 _aAYURVEDA
942 _2ddc
_cBK
999 _c11350
_d11350